000 04332cam a2200505 i 4500
001 22351336
005 20241029095354.0
008 211214s2020 nyua b 001 0 eng c
010 _a 2021443011
016 7 _a101778180
_2DNLM
016 7 _a020022121
_2Uk
020 _a9781260460698
_qpaperback
035 _a(OCoLC)on1030339925
040 _aNLM
_beng
_cNLM
_erda
_dBDX
_dYDXIT
_dOCLCF
_dDNJ
_dVAM
_dUKMGB
_dYDX
_dOCLCO
_dOCLCA
_dDLC
042 _apcc
050 0 0 _aRC871
_b.S53 2020
082 0 0 _a616.6
_bSMI
245 0 0 _aSmith & Tanagho's general urology /
_cedited by Jack W. McAninch, MD, FACS, FRCS(E)(HON), Tom F. Lue, MD, FACS, ScD(Hon).
246 1 4 _aSmith and Tanagho's general urology
246 3 _aGeneral urology
246 3 _aSmith and Tanagho's general urology
250 _aNineteenth edition.
264 1 _aNew York :
_bMcGraw-Hill,
_c[2020]
300 _axi, 820 pages :
_billustrations ;
_c23 cm
336 _atext
_btxt
_2rdacontent
337 _aunmediated
_bn
_2rdamedia
338 _avolume
_bnc
_2rdacarrier
500 _a"A LANGE medical book."
500 _aRevised edition of: Smith & Tanagho's general urology / edited by Jack W. McAninch, Tom F. Lue. 18th ed. ©2013.
504 _aIncludes bibliographical references and index.
505 0 _aAnatomy of the genitourinary tract -- Embryology of the genitourinary system -- Symptoms of disorders of the genitourinary tract -- Physical examination of the genitourinary tract -- Urologic laboratory examination -- Radiology of the urinary tract -- Vascular interventional radiology -- Retrograde instrumentation of the urinary tract -- Percutaneous endourology and ureterorenoscopy -- Laparoscopic surgery -- Robotic surgery in urology -- Urinary obstruction & stasis -- Vesicoureteral reflux -- Bacterial infections of the genitourinary tract -- Specific infections of the genitourinary tract -- Sexually transmitted infections -- Urinary stone disease -- Injuries to the genitourinary tract -- Urothelial carcinoma: cancers of the bladder, ureter, and renal pelvis -- Renal parenchymal neoplasms -- Cancer of the prostate gland -- Genital tumors -- Urinary diversion and bladder substitutions -- Systemic therapy of urologic tumors -- Immunotherapy in urologic malignancies -- Radiotherapy of urologic tumors -- Neurophysiology and pharmacology of the lower urinary tract -- Neurogenic bladder -- Urodynamics -- Urinary incontinence -- Disorders of the adrenal glands -- Disorders of the kidneys -- Diagnosis of medical renal diseases -- Acute kidney injury and oliguria -- Chronic kidney disease and renal replacement therapy -- Renal transplantation -- Disorders of the ureter and ureteropelvic junction -- Disorders of the bladder, prostate, and seminal vesicles -- Male sexual dysfunction -- Women's sexual health -- Disorders of the penis and male urethra -- Disorders of the female urethra -- Disorders of sex development -- Male infertility -- The aging male -- Genital gender-affirming surgery: patient care, decision making, and surgery options -- History and physical examination in pediatric urology -- Introduction to clinical research design.
520 _a"Smith & Tanagho's General Urology, Nineteenth Edition offers a complete overview of the diagnosis and treatment of the diseases and disorders managed by urologic surgeons. This trusted classic delivers a clear, concise presentation of the etiology, pathogenesis, clinical findings, differential diagnosis, and medical and surgical treatment of all major urologic conditions. The well-organized, user-friendly design makes relevant clinical information and management guidelines easy to find and simple to implement."--Publisher's description.
590 _aUrology
650 0 _aUrology.
_9114291
650 1 2 _aUrologic Diseases.
_9126543
650 7 _aUrology.
_2fast
_0(OCoLC)fst01163033
_9114291
700 1 _aMcAninch, Jack W.,
_eeditor.
_9114155
700 1 _aLue, Tom F.,
_eeditor.
_9126544
700 1 _aSmith, Donald R.
_q(Donald Ridgeway),
_d1909-1991.
_9126545
730 0 _aSmith's general urology.
_9126546
906 _a7
_bcbc
_cpccadap
_d2
_encip
_f20
_gy-gencatlg
942 _2ddc
_cBK
999 _c612195
_d612195